| 000 | 00687cam a2200217 4500 | ||
|---|---|---|---|
| 001 | WB3644-20 | ||
| 008 | 000000n2000 000 0 eng u | ||
| 035 | _a(Sirsi) u109228 | ||
| 245 | _aRent reforms 'defy logic' | ||
| 260 | _c2000 | ||
| 490 |
_aEstates Gazette _v(0044) 4 November 2000, 46(1) |
||
| 520 | _aGovernment plans to impose a limit on the length of time a landlord can rent out a flat 'defy logic', according to the BPF. | ||
| 590 | _aWB | ||
| 650 | _aLEASEHOLD REFORM | ||
| 650 | _aRESIDENTIAL LEASES | ||
| 650 | _aTIME LIMITS | ||
| 650 | _aCOMMONHOLD AND LEASEHOLD REFORM BILL | ||
| 650 | _aBPF | ||
| 690 | _aLANDLORD AND TENANT-LEASEHOLD REFORM | ||
| 942 | _n0 | ||
| 999 |
_c65202 _d65202 |
||